Vista normal
Vista MARC
Entrada Topical Term
Número de registros utilizados en: 1
001 - CONTROL NUMBER
- control field: 6781
003 - CONTROL NUMBER IDENTIFIER
- control field: OSt
005 - DATE AND TIME OF LATEST TRANSACTION
- control field: 20200707135205.0
008 - FIXED-LENGTH DATA ELEMENTS
- fixed length control field: 200707|| aca||aabn | a|a d
040 ## - CATALOGING SOURCE
- Original cataloging agency: OSt
- Transcribing agency: OSt
150 ## - HEADING--TOPICAL TERM
- Topical term or geographic name entry element: Deuda exterior
- Chronological subdivision: 1974-1989
- Geographic subdivision: América Latina
670 ## - SOURCE DATA FOUND
- Source citation: Work cat.: (OSt)5790: Garay Salamanca, Luis Jorge, autor 6780, La iniciativa Brady en la evolución de la crisis de la deuda : , 1989